[Event "Beloeil CC-ch"]
[Site "Beloeil CAN"]
[Date "1988.12.06"]
[Round "10"]
[White "Morin, Louis"]
[Black "Dupuis, Denis"]
[Result "1-0"]
[WhiteElo "1980"]
[BlackElo "1775"]
[PlyCount "127"]
[GameId "2160767912520288"]
[EventDate "1988.09.24"]
[EventType "tourn"]
[EventRounds "12"]
[EventCountry "CAN"]
[SourceTitle "hb 2013"]

1. e4 c5 2. d4 cxd4 3. c3 dxc3 4. Nxc3 Nc6 5. Nf3 d6 6. Bc4 e6 7. O-O a6 8. Qe2 b5 9. Bb3 Ra7 10. Rd1 Rd7 11. Bf4 Be7 12. Rac1 Bb7 13. a3 e5 14. Be3 Nf6 15. Bd5 Na5 16. Bxb7 Nxb7 17. b4 O-O 18. a4 bxa4 19. Qxa6 Qa8 20. Qxa4 Rc8 21. Qxa8 Rxa8 22. Bg5 h6 23. Bxf6 Bxf6 24. Nd5 Rb8 25. Rd3 Nd8 26. Rdc3 Ne6 27. Rc8+ Rd8 28. Rxd8+ Bxd8 29. g3 Kf8 30. Kf1 Ke8 31. Ke2 Kd7 32. Kd3 Bb6 33. Nd2 Nc7 34. Nxc7 Bxc7 35. Kc4 Bb6 36. Rf1 Rc8+ 37. Kb3 Bd4 38. Nc4 Rb8 39. Ne3 Bxe3 40. fxe3 f6 41. Rc1 g6 42. g4 Rb6 43. Rf1 Ke6 44. Rd1 f5 45. gxf5+ gxf5 46. Rg1 Kf6 47. Rf1 f4 48. exf4 exf4 49. Rxf4+ Kg5 50. Rf5+ Kg4 51. Rf6 Kg5 52. e5 Rb8 53. h4+ Kg4 54. exd6 h5 55. Kc4 Kxh4 56. Rg6 Kh3 57. d7 h4 58. Kc5 Kh2 59. Kc6 h3 60. b5 Kh1 61. Rh6 h2 62. b6 Rg8 63. Kc7 Rg6 64. Rxh2+ 1-0

[Event "Beloeil CC-ch"]
[Site "Beloeil CAN"]
[Date "1988.12.13"]
[Round "11"]
[White "Morin, Louis"]
[Black "Lagasse, Pascal"]
[Result "1/2-1/2"]
[WhiteElo "1980"]
[BlackElo "1910"]
[PlyCount "107"]
[GameId "2160767912520289"]
[EventDate "1988.09.24"]
[EventType "tourn"]
[EventRounds "12"]
[EventCountry "CAN"]
[SourceTitle "hb 2013"]

1. e4 c5 2. d4 cxd4 3. c3 dxc3 4. Nxc3 d6 5. Nf3 e6 6. Bc4 Be7 7. O-O a6 8. Qe2 b5 9. Bb3 Ra7 10. Rd1 Rd7 11. Nd4 Nf6 12. Bxe6 fxe6 13. Nxe6 Qb6 14. Nxg7+ Kf7 15. Nd5 Qb7 16. Nf5 Nc6 17. Ndxe7 Nxe7 18. Nxd6+ Rxd6 19. Rxd6 Rg8 20. Qf3 Nf5 21. Rxf6+ Kxf6 22. Kf1 Qc7 23. exf5 Bb7 24. Qc3+ Qxc3 25. bxc3 Bxg2+ 26. Ke2 Kxf5 27. Be3 Ke4 28. a4 Rd8 29. axb5 Bf3+ 30. Ke1 axb5 31. Rb1 Rd5 32. Rb4+ Kd3 33. Rd4+ Rxd4 34. cxd4 b4 35. d5 b3 36. Bc1 Bxd5 37. f4 Kc2 38. Ba3 b2 39. Bxb2 Kxb2 40. Kd2 h5 41. f5 Bf7 42. Kd3 Kc1 43. Ke4 Kd2 44. Ke5 Ke3 45. Kf6 Be8 46. Ke7 Kf4 47. f6 Bg6 48. f7 Bxf7 49. Kxf7 h4 50. Ke6 Ke4 51. Kd6 h3 52. Kc5 Ke3 53. Kc4 Ke2 54. Kc3 1/2-1/2

[Event "Beloeil CC-ch"]
[Site "Beloeil CAN"]
[Date "1988.12.22"]
[Round "12"]
[White "Morin, Louis"]
[Black "Wenaas, Eric"]
[Result "1/2-1/2"]
[WhiteElo "1980"]
[BlackElo "2050"]
[PlyCount "49"]
[GameId "2160767912520290"]
[EventDate "1988.09.24"]
[EventType "tourn"]
[EventRounds "12"]
[EventCountry "CAN"]
[SourceTitle "hb 2013"]

1. e4 Nf6 2. Nc3 d5 3. e5 d4 4. exf6 dxc3 5. fxg7 cxd2+ 6. Qxd2 Qxd2+ 7. Bxd2 Bxg7 8. O-O-O Nc6 9. Bb5 Bd7 10. Nf3 O-O-O 11. Rhe1 e6 12. Bf4 Nd4 13. Nxd4 Bxd4 14. Bxd7+ Rxd7 15. Rxd4 Rxd4 16. Be5 Rhd8 17. Bxd4 Rxd4 18. Re5 Rh4 19. h3 Kd7 20. Re3 Rh6 21. Rf3 f5 22. Rg3 e5 23. Rg5 Ke6 24. Rg7 Kd6 25. Kd2 1/2-1/2

[Event "Beloeil Mini 1"]
[Site "Beloeil CAN"]
[Date "1988.06.11"]
[Round "1"]
[White "Deschamps, Martin"]
[Black "Morin, Louis"]
[Result "0-1"]
[WhiteElo "1822"]
[BlackElo "1901"]
[PlyCount "72"]
[GameId "2160767912586185"]
[EventDate "1988.06.11"]
[EventType "swiss"]
[EventRounds "3"]
[EventCountry "CAN"]
[SourceTitle "hb 2013"]

1. e4 e5 2. Nf3 d6 3. d4 Nf6 4. dxe5 Nxe4 5. Qd5 Nc5 6. Be3 Be6 7. Qd2 Ne4 8. Qb4 Bd5 9. Qa4+ Qd7 10. Bb5 Nc6 11. e6 fxe6 12. c4 Nc5 13. Bxc5 Bxf3 14. gxf3 dxc5 15. Bxc6 bxc6 16. Nc3 Bd6 17. Rd1 O-O 18. Rd3 Qe8 19. Ne4 Be5 20. Qc2 Rb8 21. b3 Qe7 22. Ke2 Rf4 23. Rhd1 Bd4 24. Qc1 Rbf8 25. Rf1 Qh4 26. Qe1 R8f5 27. Kd2 Rxf3 28. Rxf3 Rxf3 29. Kc1 Qf4+ 30. Kb1 Qf5 31. Kc1 Be3+ 32. Nd2 Bh6 33. Kd1 Rd3 34. f4 Bxf4 35. Rf2 Rxd2+ 36. Rxd2 Qb1+ 0-1

[Event "Beloeil Mini 1"]
[Site "Beloeil CAN"]
[Date "1988.06.11"]
[Round "2"]
[White "Morin, Louis"]
[Black "Collette, Dominique"]
[Result "0-1"]
[WhiteElo "1901"]
[BlackElo "1701"]
[PlyCount "76"]
[GameId "2160767912586186"]
[EventDate "1988.06.11"]
[EventType "swiss"]
[EventRounds "3"]
[EventCountry "CAN"]
[SourceTitle "hb 2013"]

1. e4 c5 2. c3 d5 3. exd5 Qxd5 4. d4 cxd4 5. cxd4 e5 6. dxe5 Qxe5+ 7. Be2 Bb4+ 8. Nc3 Nf6 9. Nf3 Bxc3+ 10. bxc3 Qxc3+ 11. Bd2 Qa3 12. O-O O-O 13. Bg5 Ne4 14. Bd3 Nxg5 15. Nxg5 g6 16. Re1 Nc6 17. Rc1 Bg4 18. Qd2 Rad8 19. Rc3 Qa5 20. Ne4 f6 21. Bc4+ Kg7 22. Qb2 b6 23. Rec1 Qa4 24. h3 Bf5 25. Ng5 Rd1+ 26. Kh2 Rxc1 27. Rxc1 Ne5 28. Ne6+ Bxe6 29. Bxe6 Qf4+ 30. g3 Qe4 31. Rc7+ Kh6 32. Bg4 Nd3 33. Qd2+ g5 34. Rxa7 Ne1 35. f3 Nxf3+ 36. Bxf3 Qxf3 37. Qg2 Qxg2+ 38. Kxg2 Rc8 0-1

[Event "Beloeil Mini 1"]
[Site "Beloeil CAN"]
[Date "1988.06.11"]
[Round "3"]
[White "Morin, Louis"]
[Black "Rodriguez, Jerome"]
[Result "1-0"]
[WhiteElo "1901"]
[BlackElo "1667"]
[PlyCount "49"]
[GameId "2160767912586187"]
[EventDate "1988.06.11"]
[EventType "swiss"]
[EventRounds "3"]
[EventCountry "CAN"]
[SourceTitle "hb 2013"]

1. e4 c5 2. c3 d5 3. exd5 Qxd5 4. d4 Nf6 5. Nf3 cxd4 6. cxd4 e6 7. Bd3 Bb4+ 8. Nc3 O-O 9. O-O Bxc3 10. bxc3 b6 11. c4 Qd8 12. Bb2 Bb7 13. Re1 Nc6 14. Rc1 Ne7 15. d5 exd5 16. Bxf6 gxf6 17. Rxe7 Qxe7 18. Nd4 Qe5 19. Nf5 Kh8 20. Qh5 dxc4 21. Rxc4 Qe1+ 22. Bf1 Ba6 23. Qh6 Qxf1+ 24. Kxf1 Bxc4+ 25. Kg1 1-0

[Event "Beloeil Mini 2"]
[Site "Beloeil CAN"]
[Date "1988.07.16"]
[Round "1"]
[White "Morin, Louis"]
[Black "Lecouffe, Vincent"]
[Result "0-1"]
[WhiteElo "1865"]
[BlackElo "1611"]
[PlyCount "80"]
[GameId "2160767912520562"]
[EventDate "1988.07.16"]
[EventType "swiss"]
[EventRounds "3"]
[EventCountry "CAN"]
[SourceTitle "hb 2013"]

1. e4 e5 2. Nf3 Nc6 3. Bb5 Nf6 4. Nc3 d6 5. d4 Bd7 6. Bg5 exd4 7. Nxd4 Nxd4 8. Qxd4 Be7 9. O-O-O Bxb5 10. Nxb5 Qd7 11. Qc4 O-O 12. e5 Ne8 13. Bxe7 Qxe7 14. exd6 Nxd6 15. Nxd6 cxd6 16. Qd5 Qe6 17. Rhe1 Qh6+ 18. Kb1 Rfe8 19. Qxb7 Qxh2 20. Qc6 Red8 21. Qe4 Qe5 22. Qxa8 Rxa8 23. Rxe5 dxe5 24. c4 Kf8 25. b4 Ke7 26. Kb2 Rd8 27. Rxd8 Kxd8 28. c5 h5 29. Kc3 h4 30. Kd3 g5 31. f3 f5 32. Ke3 g4 33. Kf2 e4 34. b5 h3 35. gxh3 gxh3 36. fxe4 fxe4 37. b6 axb6 38. cxb6 h2 39. Kg2 e3 40. Kxh2 e2 0-1

[Event "Beloeil Mini 2"]
[Site "Beloeil CAN"]
[Date "1988.07.16"]
[Round "2"]
[White "Collette, Dominique"]
[Black "Morin, Louis"]
[Result "0-1"]
[WhiteElo "1744"]
[BlackElo "1865"]
[PlyCount "56"]
[GameId "2160767912520563"]
[EventDate "1988.07.16"]
[EventType "swiss"]
[EventRounds "3"]
[EventCountry "CAN"]
[SourceTitle "hb 2013"]

1. d4 Nf6 2. c4 e6 3. Nf3 d5 4. Nc3 Nbd7 5. Bg5 Be7 6. e3 O-O 7. Be2 a6 8. O-O h6 9. Bf4 dxc4 10. Bxc4 b5 11. Bd3 c5 12. dxc5 Nxc5 13. Be2 Qb6 14. b4 Nce4 15. Nxe4 Nxe4 16. Qc2 Bb7 17. a3 Rac8 18. Qb2 Nc3 19. Rac1 Bf6 20. Be5 Nxe2+ 21. Qxe2 Bxf3 22. Qxf3 Bxe5 23. Rfd1 Bb2 24. Rxc8 Rxc8 25. e4 Rc3 26. Qf4 Rc2 27. Qf3 Rc3 28. Qf4 Bxa3 0-1

[Event "Beloeil Mini 2"]
[Site "Beloeil CAN"]
[Date "1988.07.16"]
[Round "3"]
[White "Morin, Louis"]
[Black "Therrien, Michel"]
[Result "1/2-1/2"]
[WhiteElo "1965"]
[BlackElo "1864"]
[PlyCount "76"]
[GameId "2160767912520564"]
[EventDate "1988.07.16"]
[EventType "swiss"]
[EventRounds "3"]
[EventCountry "CAN"]
[SourceTitle "hb 2013"]

1. e4 c5 2. c3 e6 3. d4 d5 4. exd5 exd5 5. Bb5+ Bd7 6. Qe2+ Qe7 7. Bxd7+ Nxd7 8. dxc5 Qxe2+ 9. Nxe2 Bxc5 10. O-O Ne7 11. Bf4 O-O 12. Nd2 Rfe8 13. Nb3 Ng6 14. Rfe1 Rxe2 15. Rxe2 Nxf4 16. Rd2 Bb6 17. g3 Ne6 18. Rxd5 Nf6 19. Rd2 Rd8 20. Rxd8+ Bxd8 21. Kg2 Kf8 22. Rd1 Ke7 23. Nd4 Nxd4 24. Rxd4 Bb6 25. Rd2 Ng4 26. h3 Ne5 27. b3 f5 28. f4 Nd7 29. Kf3 Nf6 30. c4 Ba5 31. Rg2 h5 32. Re2+ Ne4 33. g4 hxg4+ 34. hxg4 g6 35. gxf5 gxf5 36. Rh2 Nf6 37. Re2+ Ne4 38. Rh2 Nf6 1/2-1/2

[Event "Beloeil Mini 3"]
[Site "Beloeil CAN"]
[Date "1988.08.13"]
[Round "1"]
[White "Berube, Richard"]
[Black "Morin, Louis"]
[Result "1/2-1/2"]
[WhiteElo "2172"]
[BlackElo "1865"]
[PlyCount "64"]
[GameId "2160767912520428"]
[EventDate "1988.08.13"]
[EventType "swiss"]
[EventRounds "3"]
[EventCountry "CAN"]
[SourceTitle "hb 2013"]

1. e4 e5 2. Nf3 d6 3. d4 Nf6 4. dxe5 Nxe4 5. Qd5 Nc5 6. Bg5 Qd7 7. exd6 Bxd6 8. Nc3 O-O 9. O-O-O Nc6 10. Bb5 Qg4 11. h3 Qb4 12. Qc4 Qxc4 13. Bxc4 Be6 14. Bd5 Bxd5 15. Rxd5 Ne6 16. Kb1 Nxg5 17. Nxg5 Bb4 18. Nce4 h6 19. Nf3 Rad8 20. Rxd8 Rxd8 21. c3 Bf8 22. Kc2 f5 23. Ng3 g6 24. Re1 Kf7 25. h4 Kf6 26. Nf1 Bc5 27. Ne3 Bxe3 28. Rxe3 Rd7 29. Re8 Rd8 30. Re2 Rd7 31. Re8 Rd8 32. Re2 Rd7 1/2-1/2

[Event "Beloeil Mini 3"]
[Site "Beloeil CAN"]
[Date "1988.08.13"]
[Round "2"]
[White "Morin, Louis"]
[Black "Audet, Michel"]
[Result "1-0"]
[WhiteElo "1865"]
[BlackElo "1868"]
[PlyCount "99"]
[GameId "2160767912520429"]
[EventDate "1988.08.13"]
[EventType "swiss"]
[EventRounds "3"]
[EventCountry "CAN"]
[SourceTitle "hb 2013"]

1. e4 Nf6 2. Nc3 e5 3. Nf3 Nc6 4. Bb5 Bc5 5. Nxe5 Bxf2+ 6. Kxf2 Nxe5 7. d4 Neg4+ 8. Kg1 c6 9. Be2 d6 10. h3 Nh6 11. Bg5 Qa5 12. Bxf6 gxf6 13. Qd2 Qg5 14. Qxg5 fxg5 15. g4 Ke7 16. Kg2 Bd7 17. Rae1 b5 18. a3 Rab8 19. b4 a5 20. Bd3 Kf8 21. Rhf1 Kg7 22. e5 d5 23. Ne2 Ng8 24. Ng3 Be6 25. Nh5+ Kf8 26. Bf5 Bxf5 27. gxf5 axb4 28. axb4 Ke7 29. Ra1 Kf8 30. Ra6 Rc8 31. Kg3 Ne7 32. Kg4 h6 33. Rfa1 Ke8 34. Ra8 Kd8 35. Nf6 Rxa8 36. Rxa8+ Nc8 37. Ra6 Nb6 38. Ra7 Kc8 39. Rxf7 Nc4 40. Kf3 h5 41. Ke2 g4 42. hxg4 h4 43. Rh7 Rxh7 44. Nxh7 h3 45. Kf2 Ne3 46. Kg3 Nxg4 47. Kxh3 Nf2+ 48. Kh4 Kd7 49. f6 Ke8 50. e6 1-0

[Event "Beloeil Mini 4"]
[Site "Beloeil CAN"]
[Date "1988.09.24"]
[Round "1"]
[White "Morin, Louis"]
[Black "Barrette, Michel"]
[Result "1/2-1/2"]
[WhiteElo "1940"]
[BlackElo "1650"]
[PlyCount "65"]
[GameId "2160767912520291"]
[EventDate "1988.09.24"]
[EventType "swiss"]
[EventRounds "3"]
[EventCountry "CAN"]
[SourceTitle "hb 2013"]

1. e4 c5 2. d4 cxd4 3. c3 dxc3 4. Nxc3 Nc6 5. Nf3 d6 6. Bc4 e6 7. O-O Nf6 8. Qe2 a6 9. Rd1 Qc7 10. Bf4 b5 11. Bxb5 axb5 12. Nxb5 Qb6 13. Nxd6+ Bxd6 14. Bxd6 Ba6 15. Qe1 Nd8 16. Rac1 Rc8 17. Rxc8 Bxc8 18. Bb4 Nb7 19. Qc3 Bd7 20. Ne5 Nxe4 21. Qf3 Nf6 22. Nxf7 Bc6 23. Nd6+ Nxd6 24. Rxd6 O-O 25. Qb3 Nd5 26. Be1 Qxb3 27. axb3 Bb7 28. Rxe6 Nf4 29. Re7 Nxg2 30. Bc3 Rf7 31. Re8+ Rf8 32. Re7 Rf7 33. Re8+ 1/2-1/2

[Event "Beloeil Mini 4"]
[Site "Beloeil CAN"]
[Date "1988.09.24"]
[Round "2"]
[White "Weston, Paul"]
[Black "Morin, Louis"]
[Result "1/2-1/2"]
[WhiteElo "1780"]
[BlackElo "1940"]
[PlyCount "75"]
[GameId "2160767912520292"]
[EventDate "1988.09.24"]
[EventType "swiss"]
[EventRounds "3"]
[EventCountry "CAN"]
[SourceTitle "hb 2013"]

1. Nf3 d5 2. c4 e6 3. g3 c5 4. Bg2 Nc6 5. cxd5 exd5 6. d4 Nf6 7. O-O Be7 8. Nc3 O-O 9. dxc5 Bxc5 10. Bg5 Be6 11. Qa4 h6 12. Bf4 a6 13. Rad1 Qb6 14. Qc2 Nb4 15. Qc1 Rac8 16. Qb1 Ng4 17. e3 g5 18. Na4 Qb5 19. Nxc5 Qxc5 20. Be5 Nxe5 21. Nxe5 d4 22. exd4 Qc2 23. a3 Nd5 24. Be4 Qxb1 25. Bxb1 f6 26. Nd3 b6 27. Rfe1 Kf7 28. Rc1 Ke7 29. Ba2 Kd6 30. Rxc8 Rxc8 31. Nb4 Bf7 32. Nxd5 Bxd5 33. Bxd5 Kxd5 34. Re2 Rc6 35. Rd2 Rc4 36. Kg2 Rxd4 37. Rc2 Rc4 38. Rd2+ 1/2-1/2

[Event "Beloeil Mini 4"]
[Site "Beloeil CAN"]
[Date "1988.09.24"]
[Round "3"]
[White "Morin, Louis"]
[Black "Lizotte, Michel"]
[Result "1-0"]
[WhiteElo "1940"]
[BlackElo "1627"]
[PlyCount "65"]
[GameId "2160767912520293"]
[EventDate "1988.09.24"]
[EventType "swiss"]
[EventRounds "3"]
[EventCountry "CAN"]
[SourceTitle "hb 2013"]

1. e4 g6 2. d4 Bg7 3. f4 d6 4. Nc3 Nf6 5. Nf3 O-O 6. Bd3 Nc6 7. e5 dxe5 8. dxe5 Ng4 9. O-O h5 10. Qe2 Nd4 11. Nxd4 Qxd4+ 12. Kh1 Nh6 13. Be3 Qd8 14. h3 c6 15. Rad1 Qc7 16. Ne4 Bf5 17. Ng3 Bxd3 18. cxd3 h4 19. Ne4 f6 20. exf6 exf6 21. f5 Nxf5 22. Bf4 Qf7 23. Qg4 Rfd8 24. Bc1 Rd5 25. Nc3 Rd4 26. Rf4 Rad8 27. Ne4 Rxd3 28. Rdf1 Rg3 29. Qe2 Re8 30. Qf2 Qc4 31. Nxf6+ Bxf6 32. Rxc4 Rd3 33. Rg4 1-0

[Event "Beloeil Mini 5"]
[Site "Beloeil CAN"]
[Date "1988.10.22"]
[Round "1"]
[White "Ducharme, Yves"]
[Black "Morin, Louis"]
[Result "1-0"]
[WhiteElo "1758"]
[BlackElo "1950"]
[PlyCount "97"]
[GameId "2160767912520242"]
[EventDate "1988.10.22"]
[EventType "swiss"]
[EventRounds "3"]
[EventCountry "CAN"]
[SourceTitle "hb 2013"]

1. e4 e5 2. Nc3 Nf6 3. f4 d5 4. fxe5 Nxe4 5. Nf3 Nc6 6. Bb5 a6 7. Bxc6+ bxc6 8. d3 Nxc3 9. bxc3 Be7 10. O-O O-O 11. Qe1 Be6 12. Qg3 f6 13. Bh6 Rf7 14. Rae1 Qd7 15. Bf4 Bg4 16. e6 Bxe6 17. Bxc7 Qxc7 18. Qxc7 Bc5+ 19. d4 Rxc7 20. Rxe6 Bf8 21. Rb1 Kf7 22. Re2 c5 23. Rb6 cxd4 24. cxd4 Rc4 25. Kf1 Ra4 26. Rb7+ Kg8 27. Rd7 Rxa2 28. Rxd5 a5 29. Ne1 a4 30. Rb5 a3 31. Rb1 Rb2 32. Ra1 Rc8 33. Re3 Rcb8 34. Rexa3 Bxa3 35. Rxa3 Re8 36. Ra1 Re4 37. Rd1 Kf7 38. Kf2 Ke6 39. Rd2 Kd5 40. c4+ Kxc4 41. Rxb2 Rxd4 42. Rb7 Rg4 43. Rd7 h5 44. h3 Rg6 45. Nf3 Kc5 46. Nh4 Rg5 47. Nf3 Rg6 48. Rd8 Kc6 49. Rh8 1-0

[Event "Beloeil Mini 5"]
[Site "Beloeil CAN"]
[Date "1988.10.22"]
[Round "2"]
[White "Morin, Louis"]
[Black "Collette, Dominique"]
[Result "1-0"]
[WhiteElo "1950"]
[BlackElo "1689"]
[PlyCount "41"]
[GameId "2160767912520243"]
[EventDate "1988.10.22"]
[EventType "swiss"]
[EventRounds "3"]
[EventCountry "CAN"]
[SourceTitle "hb 2013"]

1. e4 c5 2. d4 cxd4 3. c3 dxc3 4. Nxc3 d6 5. Nf3 Nf6 6. Bc4 Nc6 7. e5 dxe5 8. Qxd8+ Nxd8 9. Nb5 Ne6 10. Bxe6 Bxe6 11. Nc7+ Kd7 12. Nxa8 e4 13. Ne5+ Kc8 14. Bf4 Nd5 15. Rc1+ Kd8 16. Be3 Nxe3 17. fxe3 f6 18. Nc4 Bxc4 19. Rxc4 e5 20. Nc7 Bd6 21. Nb5 1-0

[Event "Beloeil Mini 5"]
[Site "Beloeil CAN"]
[Date "1988.10.22"]
[Round "3"]
[White "Weston, Paul"]
[Black "Morin, Louis"]
[Result "1/2-1/2"]
[WhiteElo "1820"]
[BlackElo "1950"]
[PlyCount "58"]
[GameId "2160767912520244"]
[EventDate "1988.10.22"]
[EventType "swiss"]
[EventRounds "3"]
[EventCountry "CAN"]
[SourceTitle "hb 2013"]

1. e4 e5 2. Nf3 d6 3. Bc4 Nf6 4. Nc3 Be7 5. O-O O-O 6. d4 Nbd7 7. h3 c6 8. dxe5 dxe5 9. Be3 b5 10. Bd3 Qc7 11. Ne2 Nc5 12. Ng3 Rd8 13. Bxc5 Bxc5 14. Qe2 a6 15. a3 g6 16. b4 Bf8 17. c4 Rb8 18. Rac1 Qe7 19. Rfd1 Ne8 20. c5 Bg7 21. Bb1 Be6 22. Ba2 f6 23. Bxe6+ Qxe6 24. Rd3 Kf7 25. Rcd1 Ke7 26. Ne1 Rxd3 27. Qxd3 Qc8 28. Qb3 Qe6 29. Qd3 Qc8 1/2-1/2

[Event "Beloeil Mini 6"]
[Site "Beloeil CAN"]
[Date "1988.11.26"]
[Round "1"]
[White "Morin, Louis"]
[Black "Poirier, Luc"]
[Result "1-0"]
[WhiteElo "1980"]
[BlackElo "1422"]
[PlyCount "105"]
[GameId "2160767912520171"]
[EventDate "1988.11.26"]
[EventType "swiss"]
[EventRounds "3"]
[EventCountry "CAN"]
[SourceTitle "hb 2013"]

1. e4 e5 2. Nf3 Nc6 3. Nc3 Be7 4. d4 d6 5. Bb5 Bd7 6. Bxc6 Bxc6 7. dxe5 Qd7 8. exd6 Bxd6 9. O-O O-O-O 10. Bg5 f6 11. Bh4 Qg4 12. Qe2 Ne7 13. Bg3 Ng6 14. Nd4 Qxe2 15. Ndxe2 Bc5 16. Nf4 Rhe8 17. Nfd5 h5 18. h3 h4 19. Bxc7 Bxd5 20. Bxd8 Bc4 21. Ba5 Bxf1 22. Kxf1 b6 23. Na4 Rxe4 24. Nxc5 bxc5 25. Bc3 Kc7 26. Re1 Rxe1+ 27. Kxe1 Nf4 28. Bd2 Nd5 29. c4 Ne7 30. Ke2 a6 31. Bc3 Kd6 32. Kf3 Ke6 33. a3 Nc6 34. g3 hxg3 35. fxg3 a5 36. b3 g6 37. g4 g5 38. Ke4 Ne7 39. Bxa5 f5+ 40. gxf5+ Nxf5 41. b4 Nd6+ 42. Kd3 cxb4 43. axb4 Nf7 44. b5 Nd6 45. Kd4 Kd7 46. Kc5 Nb7+ 47. Kb6 Nd6 48. c5 Nc4+ 49. Ka6 Ne5 50. Kb7 Nc4 51. c6+ Ke8 52. Bb4 g4 53. c7 1-0

[Event "Beloeil Mini 6"]
[Site "Beloeil CAN"]
[Date "1988.11.26"]
[Round "3"]
[White "Morin, Louis"]
[Black "Legault, Claude"]
[Result "1-0"]
[WhiteElo "1980"]
[BlackElo "1319"]
[PlyCount "67"]
[GameId "2160767912520173"]
[EventDate "1988.11.26"]
[EventType "swiss"]
[EventRounds "3"]
[EventCountry "CAN"]
[SourceTitle "hb 2013"]

1. e4 e5 2. Nf3 Nc6 3. Nc3 Bc5 4. Nxe5 Nxe5 5. d4 Bxd4 6. Qxd4 d6 7. Bf4 Qe7 8. Nd5 c5 9. Qc3 Qd8 10. Bxe5 dxe5 11. Qxe5+ Kf8 12. Nc7 f6 13. Qxc5+ Qe7 14. Qxe7+ Kxe7 15. Nxa8 Be6 16. Nc7 Kd7 17. Nxe6 Kxe6 18. Bc4+ Ke5 19. O-O-O Ne7 20. g3 Re8 21. f4+ Kxe4 22. Rhe1+ Kf3 23. Rd7 Rc8 24. Be2+ Kf2 25. Rxe7 Rxc2+ 26. Kxc2 Kxe1 27. Kd3 Kf2 28. Bg4 g6 29. Re2+ Kg1 30. Ke3 f5 31. Bf3 h5 32. Re1+ Kxh2 33. Kf2 h4 34. Rh1# 1-0

[Event "Beloeil Mini 7"]
[Site "Beloeil CAN"]
[Date "1988.12.17"]
[Round "1"]
[White "David, Benoit"]
[Black "Morin, Louis"]
[Result "0-1"]
[WhiteElo "1563"]
[BlackElo "1970"]
[PlyCount "93"]
[GameId "2160767912520107"]
[EventDate "1988.12.17"]
[EventType "swiss"]
[EventRounds "3"]
[EventCountry "CAN"]
[SourceTitle "hb 2013"]

1. e4 e5 2. Nf3 d6 3. d4 Nf6 4. dxe5 Nxe4 5. Qd5 Nc5 6. Bg5 Qd7 7. Bc4 c6 8. Qd4 d5 9. Bb3 Ne6 10. Qd2 Nxg5 11. Qxg5 Qg4 12. Qxg4 Bxg4 13. Nd4 Nd7 14. h3 Be6 15. f4 Nc5 16. Nd2 Be7 17. O-O O-O-O 18. Rae1 Kc7 19. N2f3 Ne4 20. g4 Bc8 21. Kg2 h5 22. Nh2 hxg4 23. Nxg4 Nd2 24. Rh1 Nxb3 25. axb3 Rh4 26. Nf3 Rh5 27. Re2 Rdh8 28. Kg3 b6 29. Reh2 c5 30. c3 Bb7 31. Rd1 d4 32. Nf2 dxc3 33. bxc3 Rf5 34. h4 Bxf3 35. Kxf3 Rfh5 36. Rg1 g6 37. Ra1 a5 38. Rah1 Rxh4 39. Rxh4 Rxh4 40. Rxh4 Bxh4 41. Ne4 Be7 42. c4 Kc6 43. Kg4 b5 44. cxb5+ Kxb5 45. f5 Kb4 46. Nd6 Kxb3 47. Nxf7 0-1

[Event "Beloeil Mini 7"]
[Site "Beloeil CAN"]
[Date "1988.12.17"]
[Round "3"]
[White "Wenaas, Eric"]
[Black "Morin, Louis"]
[Result "1/2-1/2"]
[WhiteElo "2070"]
[BlackElo "1970"]
[PlyCount "118"]
[GameId "2160767912520109"]
[EventDate "1988.12.17"]
[EventType "swiss"]
[EventRounds "3"]
[EventCountry "CAN"]
[SourceTitle "hb 2013"]

1. d4 d5 2. Nf3 c5 3. c3 Nc6 4. Bf4 cxd4 5. cxd4 Nf6 6. e3 Bf5 7. Nc3 e6 8. Bb5 Rc8 9. O-O Bd6 10. Bxd6 Qxd6 11. Ne5 O-O 12. Bxc6 bxc6 13. Na4 c5 14. Nxc5 Rxc5 15. dxc5 Qxe5 16. Qd4 Qc7 17. b4 Ng4 18. g3 Ne5 19. f3 Bd3 20. Rf2 Bc4 21. a3 a5 22. Rb1 Rb8 23. Kg2 axb4 24. axb4 Nd3 25. Rd2 Nxc5 26. Rc2 Nd3 27. b5 Qb6 28. Rc3 Qxd4 29. exd4 Rb6 30. Rbb3 f6 31. Rxd3 Bxd3 32. Rxd3 Rxb5 33. f4 Rb2+ 34. Kh3 Re2 35. g4 Re4 36. Kg3 Kf7 37. Kf3 Ke7 38. Rd1 Kd6 39. Ra1 Rxd4 40. Ra7 Rd3+ 41. Kg2 Rd2+ 42. Kg3 Rd3+ 43. Kg2 Rc3 44. Rxg7 Rc7 45. Rg8 e5 46. f5 e4 47. Ra8 Re7 48. Rd8+ Ke5 49. Kg3 d4 50. h4 d3 51. h5 Ra7 52. Re8+ Kd4 53. Kf4 d2 54. Rd8+ Kc3 55. Ke3 Rg7 56. Rxd2 Rxg4 57. Rd7 Rg5 58. Rxh7 Rxf5 59. Rc7+ Kb4 1/2-1/2

[Event "Bouche-trou"]
[Site "Montreal CAN"]
[Date "1988.09.21"]
[Round "1"]
[White "Morin, Louis"]
[Black "Desforges, Jean"]
[Result "1-0"]
[WhiteElo "1940"]
[BlackElo "2010"]
[PlyCount "111"]
[GameId "2160767912520298"]
[EventDate "1988.09.21"]
[EventType "tourn"]
[EventRounds "8"]
[EventCountry "CAN"]
[SourceTitle "hb 2013"]

1. e4 d5 2. exd5 Nf6 3. c4 c6 4. dxc6 Nxc6 5. d3 e5 6. Nc3 Bc5 7. Be3 Qb6 8. Qd2 Bd4 9. Nf3 O-O 10. Be2 Ng4 11. Bxd4 Nxd4 12. Nxd4 Qxd4 13. O-O Bf5 14. Nd5 Be6 15. Ne3 Qd7 16. Nxg4 Bxg4 17. Bxg4 Qxg4 18. Qe3 Rfd8 19. Qxe5 Rxd3 20. Rae1 h6 21. Re4 Qd7 22. h3 Rd2 23. Rfe1 Rd8 24. R4e2 Rd6 25. b3 Re6 26. Qc3 Rxe2 27. Rxe2 Kf8 28. Qb4+ Qd6 29. Qxd6+ Rxd6 30. f3 b6 31. Kf2 a5 32. Ke3 Ke7 33. Rd2 Rc6 34. Rd5 a4 35. Kd4 axb3 36. axb3 Rg6 37. g4 Rf6 38. Rf5 Rd6+ 39. Ke4 Rc6 40. f4 Rd6 41. Re5+ Kf8 42. f5 Rf6 43. h4 g5 44. hxg5 hxg5 45. b4 Rh6 46. Kd5 Rh4 47. Re4 Rh1 48. b5 Rh6 49. c5 bxc5 50. Kxc5 Rh1 51. b6 Rc1+ 52. Rc4 Rb1 53. Kc6 Ke7 54. Kc7 Rd1 55. b7 Rd7+ 56. Kb6 1-0

[Event "Bouche-trou"]
[Site "Montreal CAN"]
[Date "1988.09.30"]
[Round "3"]
[White "Desforges, Jean"]
[Black "Morin, Louis"]
[Result "1-0"]
[WhiteElo "2010"]
[BlackElo "1940"]
[PlyCount "125"]
[GameId "2160767912520300"]
[EventDate "1988.09.21"]
[EventType "tourn"]
[EventRounds "8"]
[EventCountry "CAN"]
[SourceTitle "hb 2013"]

1. d4 Nf6 2. c4 e6 3. Nf3 d5 4. g3 Be7 5. Bg2 O-O 6. O-O c5 7. cxd5 exd5 8. Nc3 Nc6 9. dxc5 Bxc5 10. Na4 Bd6 11. Bg5 Be6 12. Nd4 h6 13. Nxc6 bxc6 14. Be3 Qe7 15. Rc1 Rfc8 16. Bc5 Rab8 17. b3 Bxc5 18. Nxc5 Ne4 19. Qd4 Nxc5 20. Rxc5 Rb5 21. Rfc1 Rxc5 22. Rxc5 Rc7 23. b4 Rb7 24. a3 Rb6 25. Ra5 Qb7 26. e4 Ra6 27. Qc5 Rxa5 28. Qxa5 dxe4 29. Qd8+ Kh7 30. Bxe4+ g6 31. h4 h5 32. Qg5 Kg7 33. Qe5+ Kg8 34. Bxg6 fxg6 35. Qxe6+ Kg7 36. Qe5+ Kf7 37. f4 Qb6+ 38. Kg2 Qd8 39. f5 Qd2+ 40. Kh3 Qd7 41. g4 hxg4+ 42. Kxg4 Qd1+ 43. Kg3 Qd3+ 44. Kh2 Qc2+ 45. Kh3 Qd3+ 46. Qg3 Qxf5+ 47. Kg2 Qc2+ 48. Qf2+ Qxf2+ 49. Kxf2 Ke6 50. Ke3 Ke5 51. Kf3 Kf5 52. Kg3 a6 53. Kf3 Ke5 54. Kg4 Ke6 55. Kf4 Kf6 56. Kg4 Kf7 57. Kg5 Kg7 58. a4 Kf7 59. Kh6 Kf6 60. a5 Kf7 61. Kh7 Kf6 62. Kg8 Kf5 63. Kf7 1-0